Parecer sobre si deben tributar los productos para comerciar que se traen de Portugal en estos reinos.

Detalles Bibliográficos
Formato: Libro
Publicado: s.l., s.f.
Materias:
Colección:Banco de datos
Acervo:Biblioteca Palafoxiana. Colección de Manuscritos
Descripción Física:4 f. ; 20.5 x 29 cm.
Tema general:Civil
LEADER 00403nam a22001330004500
035 |a 2087 
245 1 0 |a Parecer sobre si deben tributar los productos para comerciar que se traen de Portugal en estos reinos. 
260 |a s.l., s.f. 
300 |a 4 f. ; 20.5 x 29 cm. 
650 1 0 |a Civil  
949 |a 38107/012 
942 |c PALAMANU 
943 |g Biblioteca Palafoxiana. Colección de Manuscritos 
999 |c 1070032  |d 1070032